00405nam a2200157Ia 4500003000400000005001700004008004000021040000700061041001200068082001600080100001600096245005000112260004700162300001700209650002100226OSt20220826102007.0210210b1961 xxu||||| |||| 00| 0 eng d cAL aEnglish a531.11 LONE aLONEY (S L) aElements of statics and dynamics. P2 Dynamics aNew YorkbCambridge University Pressc1961 aviii,240,xiv aDynamics Statics